00309nam a2200109Ia 4500008004100000041000800041100001600049245008200065260002300147300001000170999001900180231106s2017 xx 000 0 und d aeng aROBIN BERRY aCOMPENDIUM OF WATERCOLOUR TECHNIQUES : 200 TIPS, TECHNIQUES AND TRADE SECRETS bSEARCH PRESSc2017 aP-128 c920459d920459